| 000 | 02280nam0a2200409 4500 | ||
|---|---|---|---|
| 001 | RU\NLR\bibl\1107725 | ||
| 005 | 20260409070839.0 | ||
| 010 |
_a978-5-7038-3014-7 _bВып. 5 |
||
| 010 |
_a978-5-7038-3022-2 _92000 |
||
| 021 |
_aRU _b2007-36233 _91924 |
||
| 035 | _a(nilc)RSL-KNO-003128300 | ||
| 035 | _a(NLR Aleph) 001094779 | ||
| 090 |
_a1140871 _c1140871 |
||
| 100 | _a20070605d2007 |||y0rusy50 ca | ||
| 101 | 0 | _arus | |
| 102 | _aRU | ||
| 105 | _aa zzzz||||| | ||
| 200 | 1 |
_aДифференциальное исчисление функций многих переменных _eучебник для студентов высших технических учебных заведений _fА. Н. Канатников, А. П. Крищенко, В. Н. Четвериков _gпод ред. В. С. Зарубина, А. П. Крищенко |
|
| 205 | _a3-е изд., испр. | ||
| 210 |
_aМосква _cИзд-во МГТУ _d2007 |
||
| 215 |
_a455 с. _cил. _d22 |
||
| 225 | 1 |
_aМатематика в техническом университете _vвып. 5 |
|
| 320 | _aБиблиогр.: с. 443-445 | ||
| 320 | _aПредм. указ.: с. 446-452 | ||
| 606 |
_aФункции многих переменных _jУчебники для высших учебных заведений _xДифференциальное исчисление _91000903 _3RU\NLR\auth\66379507 |
||
| 610 | 0 | _aФизико-математические науки -- Математика -- Математический анализ -- Дифференциальное и интегральное исчисление -- Дифференциальное исчисление -- Функции многих переменных -- Учебник для высшей школы | |
| 686 |
_aВ161.212я73-1 _2rubbk |
||
| 686 | _aВ161.212я73-1 | ||
| 700 | 1 |
_aКанатников _bА. Н. _gАнатолий Николаевич _4070 |
|
| 701 | 1 |
_aКрищенко _bА. П. _gАлександр Петрович _4070 |
|
| 701 | 1 |
_aЧетвериков _bВ. Н. _gВладимир Николаевич _4070 |
|
| 801 | 0 |
_aRU _bРКП _c20070605 _grcr |
|
| 801 | 1 |
_aRU _bРГБ _c20070605 |
|
| 801 | 2 |
_aRU _bNLR _c20070711 _grcr |
|
| 942 | _cBOOK | ||
| 980 | _aNB | ||